This is service design thinking: basics - tools - cases
Na minha lista:
| Main Authors: | , |
|---|---|
| Formato: | Livro |
| Publicado em: |
Hoboken, New Jersey, USA:
John Wiley and Sons,
2011.
|
| Assuntos: | |
| Tags: |
Adicionar Tag
Sem tags, seja o primeiro a adicionar uma tag!
|
MARC
| LEADER | 00000cam a2200000 a 4500 | ||
|---|---|---|---|
| 001 | UCD7943 | ||
| 003 | CL-VaPUC | ||
| 005 | 20230905074226.0 | ||
| 008 | 220802t2011 ||||| |||| 00| 0 eng d | ||
| 999 | |c 367767 |d 367765 | ||
| 020 | |a 9781118156308 | ||
| 040 | |c Pontificia Universidad Católica de Valparaíso | ||
| 082 | 0 | 4 | |a 658.562 STI 2011 |2 21 |
| 100 | 0 | |a Stickdorn, Marc |e author |9 591834 | |
| 245 | 1 | 5 | |a This is service design thinking: basics - tools - cases |
| 260 | |a Hoboken, New Jersey, USA: |b John Wiley and Sons, |c 2011. | ||
| 300 | |a 373 páginas. | ||
| 500 | |a c.2 Donación Francisco Vera Muñoz. Titulado Diseño. ARQ 08/2021. 11/07/2022 | ||
| 583 | |a last modification |c 20170414 22:34:00 |k Rodrigo Vera | ||
| 650 | 7 | |a Calidad de servicio |2 CL-VaPUC |9 527332 | |
| 650 | 0 | |a Gestión de la calidad |9 475860 | |
| 650 | 0 | |a Control de calidad |9 259714 | |
| 650 | 0 | |a Administración de empresas |9 260833 | |
| 700 | 0 | |a Schneider, Jakob |e author |9 591835 | |
| 942 | |c BK |2 ddc | ||
| 952 | |0 0 |1 0 |3 erb |4 0 |6 658_562000000000000_STI_2011 |7 0 |8 A |9 482843 |a BIBARQ |b BIBARQ |i 5372992 |l 1 |o 658.562 STI 2011 |p 5372992 |r 2025-01-20 |s 2022-04-27 |w 2019-11-24 |y BK |z Catalogado en:20170414 |k ARQ | ||
| 952 | |0 0 |1 0 |2 ddc |4 0 |6 658_562000000000000_STI_2011 |7 0 |8 A |9 585711 |a BIBARQ |b BIBARQ |c GEN |d 2022-08-02 |e Donación |i 5653746 |o 658.562 STI 2011 |p 5653746 |r 2025-01-20 |t 2 |w 2022-08-02 |y BK |k ARQ | ||